01383nam a2200409 i 450000100060000000300080000600500170001400600190003100700150005000800410006502000180010602000270012403500230015103500240017403500250019803500220022304000310024505000230027608000110029908200120031010000190032224500830034126400390042430000410046333600310050433700330053533800430056849000320061150400290064358801260067265000110079865000240080965000180083365500270085183000330087885600620091172735FlNmELB20241217143416.0m o d | cr cnu||||||||150206s2009 sp ob 000 0 spa d a9788497888417 a9788490295236 (e book) a(MiAaPQ)EBC3207302 a(Au-PeEL)EBL3207302 a(CaPaEBR)ebr10646556 a(OCoLC)1010616589 aFINmELBbspaerdacFINmELB 4aHV6025bC9751 2009 a343.340 a3642231 aCurbet, Jaume.13aEl rey desnudo :bla gobernabilidad de la seguridad ciudadana /cJaume Curbet. 1aBarcelona :bEditorial UOC,c2009. a1 recurso en línea (170 páginas) atextobtxt2rdacontent/spa acomputadorabc2rdamedia/spa arecurso en líneabcr2rdacarrier/spa1 aGestión de la ciudad ;v1 aContiene bibliografía. aDescripción basada en recurso en línea; Título de la página del título en PDF (e-libro, visto Februar 6, 2015). 0aCrime. 0aPublic policy (Law) 4aDelincuencia. 4aLibros electrónicos. 0aGestión de la ciudad ;v1.40uhttps://elibro.net/ereader/politecnicointernacional/56498